Science Quiz

Random Science or Chemistry Quiz

Worst Scrabble Elements Quiz Stats

Quiz Updated Mar 9, 2012

Challenge
Share
Tweet
Embed
Score 0/20 Timer 04:00
1 Play Today
Score Element % Correct
6Gold
83.4%
3Tin
77.1%
4Neon
76.5%
9Silver
73.8%
7Boron
72.5%
4Iron
72.3%
5Lead
67.8%
6Argon
65.9%
6Radon
52.5%
9Sodium
46.3%
Score Element % Correct
9Nitrogen
41.6%
7Iodine
40.6%
9Sulfur
35.6%
9Radium
30.8%
9Silicon
27.7%
9Arsenic
24%
9Tungsten
19.3%
9Uranium
17.8%
9Indium
14.7%
8Astatine
12.9%

You're not logged in!

Compare scores with friends on all Sporcle quizzes.
Sign Up with Email
OR
Log In

You Might Also Like...

Show Comments

Extras

Top Quizzes Today


Score Distribution

Your Account Isn't Verified!

In order to create a playlist on Sporcle, you need to verify the email address you used during registration. Go to your Sporcle Settings to finish the process.